Medical Vocabulary #14 - Statistics

General Stats
  • This quiz has been taken 304 times
  • The average score is 21 of 25
Answer Stats
Hint Answer % Correct
To widen or enlarge. dilate
93%
A mineral that protects teeth from decay and cavities. fluoride
93%
A disorder of ongoing, severe tiredness that interferes with a person’s ability to function well, isn’t improved with rest, and isn’t caused by another illness. chronic fatigue syndrome
92%
Any substance in foods that the body needs to survive. nutrient
92%
Pertaining to the period beginning immediately after giving birth. postpartum
92%
The ability to adapt to change and recover quickly from setbacks such as illness, injury, or misfortune. resilience
92%
A stress hormone that puts the body on high alert, causing faster heartbeat, more rapid breathing, greater energy, and higher blood pressure. Also called epinephrine. adrenaline
91%
Any drug or procedure that has a calming effect and relieves anxiety and tension. sedative
91%
The use of a machine to remove wastes and impurities from the blood when the kidneys are not working properly. hemodialysis
89%
Either of the two upper chambers of the human heart. atrium
88%
Any of the airways that connect the lungs to the trachea (windpipe) and allow air to pass into and out of the lungs. bronchial tube
86%
A device for measuring blood pressure. sphygmomanometer
86%
Cosmetic surgery to improve the appearance of droopy eyelids by removing excess skin and fat. blepharoplasty
85%
Narrowing of the spinal canal in the lower portion of the spine. lumbar stenosis
83%
A medical doctor who specializes in correcting disorders of the bones, joints, muscles, and tendons. orthopedist
81%
Any of the white blood cells that protect the body from disease by attacking and consuming foreign particles. monocyte
80%
A serious condition related to high blood pressure that can threaten the life of a pregnant woman and her fetus. eclampsia
79%
An advanced stage of gum disease that attacks the teeth’s supporting structures. periodontitis
79%
An adverse reaction that may have similar symptoms to an allergic reaction but does not engage the immune system, and thus is not an allergy. intolerance
77%
A pharmacological technique used during heart surgery to temporarily stop the heart and protect it from damage. cardioplegia
76%
The gastrointestinal, or digestive, tract. alimentary canal
74%
Difficulty breathing or shortness of breath. dyspnea
66%
A doctor licensed to practice medicine, perform surgery, and prescribe drugs. The training is similar to that of a regular M.D., but more emphasis is placed on the importance of the musculoskeletal system and the body’s ability to heal itself. osteopath
66%
A medical device used to support, correct, or immobilize a part of the body, e.g., a custom shoe insert that helps cushion or realign the foot. orthosis
65%
Breathing that is more shallow and slow than normal. hypopnea
60%
No matching quizzes found
Score Distribution
Percent of People with Each Score
Percentile by Number Answered
Your Score History
You have not taken this quiz